|
|
|
|
| LEADER |
00000nam a2200000 a 4500 |
| 001 |
vtls010487816 |
| 003 |
SK-MaSNL |
| 005 |
20260302083009.0 |
| 008 |
130205s2010 xo ob g 000 0 slo |
| 020 |
|
|
|a (brož.)
|
| 040 |
|
|
|a SNK
|b slo
|c SNK
|e AACR2
|
| 041 |
0 |
|
|a slo
|
| 044 |
|
|
|a xo
|c SK
|
| 072 |
|
7 |
|a 71
|x Územné plánovanie. Urbanizmus. Pamiatková starostlivosť
|2 konspekt
|
| 072 |
|
7 |
|a 615.8
|x Fyzioterapia. Psychoterapia. Alternatívna medicína
|2 konspekt
|
| 080 |
|
|
|a 711.455:615.838
|2 2001
|
| 080 |
|
|
|a (437.6)
|2 2001
|
| 080 |
|
|
|a (036)
|2 2001
|
| 245 |
0 |
0 |
|a Kúpele pre celú rodinu
|b Liptovské liečebné kúpele
|
| 250 |
|
|
|a [1. vyd.]
|
| 260 |
|
|
|a [Lúčky]
|b [Liptovské liečebné kúpele]
|c [2010]
|
| 300 |
|
|
|a 1 zlož. l. ([6] s.)
|b fotogr., mp.
|c 21 x 40 cm, po zlož. 21 x 10 cm
|e 2 text.
|
| 500 |
|
|
|a Názov z obalu
|
| 500 |
|
|
|a 1 skladačka
|
| 610 |
2 |
7 |
|a Kúpele Lúčky (Slovensko)
|2 SNKKA
|9 155614
|
| 650 |
0 |
7 |
|a kúpele
|2 SNKPH
|9 1139
|
| 650 |
0 |
7 |
|a Health resorts
|2 SNKPHeng
|9 267569
|
| 651 |
|
7 |
|a Lúčky (Ružomberok, Slovensko)
|2 SNKPH
|9 163588
|
| 651 |
|
7 |
|a Lúčky (Ružomberok, Slovakia)
|2 SNKPHeng
|9 484816
|
| 655 |
|
7 |
|a sprievodcovia (publikácie)
|2 SNKPH
|9 219172
|
| 655 |
|
7 |
|a Guidebooks
|2 SNKPHeng
|9 268010
|
| 999 |
|
|
|c 1182182
|d 1184112
|
| 952 |
|
|
|a SNK
|b SNK
|y PREZ
|7 0
|p 17A0809965
|o snkOSC 26356
|i snk2013/2610
|8 1
|0 0
|1 0
|4 0
|d 2013-02-05
|l 0
|r 2026-02-24 21:43:17
|w 2026-02-24
|
| 952 |
|
|
|a SNK
|b SNK
|y PREZ
|7 0
|p 17A0809963
|o snkOSC 26356/príl.1
|i snk2013/2610
|8 1
|0 0
|1 0
|4 0
|d 2013-02-05
|l 0
|r 2026-02-24 21:43:17
|w 2026-02-24
|
| 952 |
|
|
|a SNK
|b SNK
|y PREZ
|7 0
|p 17A0809964
|o snkOSC 26356/príl.2
|i snk2013/2610
|8 1
|0 0
|1 0
|4 0
|d 2013-02-05
|l 0
|r 2026-02-24 21:43:17
|w 2026-02-24
|
| 952 |
|
|
|a SNK
|b SNK
|y PREZ
|7 0
|p 17A0809960
|o snkOSC 26356 D1
|i snk2013/2615
|8 1
|0 0
|1 0
|4 0
|d 2013-02-05
|l 0
|r 2026-02-24 21:43:17
|w 2026-02-24
|
| 952 |
|
|
|a SNK
|b SNK
|y PREZ
|7 0
|p 17A0809961
|o snkOSC 26356/príl.1 D1
|i snk2013/2615
|8 1
|0 0
|1 0
|4 0
|d 2013-02-05
|l 0
|r 2026-02-24 21:43:17
|w 2026-02-24
|
| 952 |
|
|
|a SNK
|b SNK
|y PREZ
|7 0
|p 17A0809962
|o snkOSC 26356/príl.2 D1
|i snk2013/2615
|8 1
|0 0
|1 0
|4 0
|d 2013-02-05
|l 0
|r 2026-02-24 21:43:17
|w 2026-02-24
|